00525 2200193 4500001002100000005001500021035002000036007000300056008004100059020001800100082001000118084001600128100002100144245005200165250001100217260003400228300004400262650002500306INLIS00000000000029520231222032308 a0010-1223000025ta231222 g 0 ind  a979-498-441-8 a630.7 a630.7 TOT s0 aTotok Mardikanto1 aSistem Penyuluhan Pertanian /cTotok Mardikanto aCet. 1 aSurakarta :bUNS Press,c2009 axvi, 468 hlm, :bilus, ;c15 cm x 23 cm 4aPenyuluhan Pertanian